| 000 | 00774nam a22002055i 4500 | ||
|---|---|---|---|
| 001 | 158575 | ||
| 003 | ES-MaACL | ||
| 005 | 20250117214016.0 | ||
| 008 | 040901s1879 xxk |||| | eng d | ||
| 040 |
_aCAM _bspa _cCAM |
||
| 100 | 1 |
_aMallet, Louis. _9129389 |
|
| 245 | 1 | 0 |
_aReciprocity _b: a letter addressed to Thomas Bayley Potter as Chairman of the Committe of the Cobden Club / _cby Louis Mallet. |
| 260 |
_aLondon [etc.] : _bCassell Petter & Galpin, _c[s.a.] |
||
| 300 |
_a31 p. ; _c19 cm. |
||
| 596 | _aCarta fechada en 1879. | ||
| 710 | 2 |
_aCobden Club (London, England) _92870 |
|
| 852 |
_aES-MaACL _jT-1302-F-11 _z-- Enc. hol. conservando la cub. original _z-- Donativo Bosch _z-- Enc. en un vol. facticio _cDEPOF |
||
| 942 | _2udc | ||
| 999 |
_c158575 _d158575 |
||